S maródkou a bez lídra sa titul nevyhráva hodnotíme účastníkov Corgoň ligy 2006/07 2. miesto: Artmedia Bratislava

Bibliographic Details
Format: Article
Language:Slovak
PhysicalDescription:Fotogr., tab.
ISSN:0139-7001
Subjects:

MARC

LEADER 00000nab a2200000 ar4500
001 vtls008998677
003 SK-MaSNL
005 20260303065854.0
008 070615c20070607xo mr|p|||||||000 b|slo
015 |a SNKBUCL2007/06  |2 snkbucl 
038 |a SNKBUCL 
040 |a SNKBUCL  |b slo  |c SNKBUCL  |e AACR2 
041 0 |a slo 
044 |a xo  |c SK 
080 |a 796.332  |x (437.6)  |2 2001 
245 0 0 |a S maródkou a bez lídra sa titul nevyhráva  |b hodnotíme účastníkov Corgoň ligy 2006/07 2. miesto: Artmedia Bratislava 
300 |b Fotogr., tab. 
610 2 7 |a FC Artmedia Petržalka  |2 snkbucl  |9 37849 
648 7 |a sezóna 2006/2007  |2 snkbucl  |9 1032718 
650 0 7 |a futbal  |2 snkbucl  |9 3291 
650 0 7 |a Corgoň liga  |2 snkbucl  |9 848915 
650 0 7 |a 2. miesto  |2 snkbucl  |9 857002 
773 0 |t Šport  |g Roč. 61, č. 130 (7.6.2007), s. 10  |x 0139-7001 
852 |a SNK  |b KIS3GCP 
999 |c 1753065  |d 1754995